00236nam a2200097 4500082002600000100002200026245003100048260003300079300000700112650001900119 a543.12254 KULb007543 aKularathne,K.W.S. aKinetics of Polymerisation bOpen University of Sri Lanka a56 aPolymerisation